Name These Characters from The Chosen - Statistics

General Stats
  • This quiz has been taken 17 times
  • The average score is 13 of 16
Answer Stats
Picture Answer % Correct
Jesus
100%
John
100%
Judas
100%
Matthew
100%
Andrew
91%
Little James
91%
Mary
91%
Simon
91%
Big James
82%
Thomas
82%
Nicodemus
73%
Ramah
64%
Shmuel
64%
Pontius Pilate
55%
Yussif
45%
Caiaphas
36%
No matching quizzes found
Score Distribution
Percent of People with Each Score
Percentile by Number Answered
Your Score History
You have not taken this quiz